000 00310nam a22001337a 4500
003 OSt
008 250128b |||||||| |||| 00| 0 eng d
041 _aeng
100 _aPandey, MM
_97013
245 _aPower Tillers and Machinery Implements
260 _c1983.
700 _aMaheshwari, CP
_97014
942 _cBK
999 _c19162
_d19162